LEADER 03585nam 2200709 450 001 9910462276503321 005 20211005005446.0 010 $a1-922059-17-X 035 $a(CKB)2670000000261141 035 $a(EBL)1022826 035 $a(OCoLC)811505260 035 $a(SSID)ssj0000758509 035 $a(PQKBManifestationID)11428167 035 $a(PQKBTitleCode)TC0000758509 035 $a(PQKBWorkID)10780753 035 $a(PQKB)10996595 035 $a(MiAaPQ)EBC1022826 035 $a(Au-PeEL)EBL1022826 035 $a(CaPaEBR)ebr10602153 035 $a(CaONFJC)MIL532007 035 $a(MiAaPQ)EBC4853881 035 $a(MiAaPQ)EBC1021149 035 $a(Au-PeEL)EBL1021149 035 $a(OCoLC)815651594 035 $a(EXLCZ)992670000000261141 100 $a20170712h20122012 uy 0 101 0 $aeng 135 $aurcn||||||||| 181 $ctxt 182 $cc 183 $acr 200 10$aRethinking social justice $efrom 'peoples' to 'populations' /$fTim Rowse 210 1$aCanberra, Australia :$cAboriginal Studies Press,$d2012. 210 4$dİ2012 215 $a1 online resource (273 p.) 225 0 $aAboriginal Studies Press 300 $aDescription based upon print version of record. 311 $a1-306-00756-9 311 $a1-922059-16-1 320 $aIncludes bibliographical references and index. 327 $aCover; About the Author; Copyright; Contents; Foreword; Acronyms & Abbreviations; Introduction; Part I - Recognising 'populations' and 'peoples'; 1. Recognising 'peoples' and 'populations'; Part II - Evoking people-hood; 2. Hasluck and Elkin; 3. Strehlow damns Coombs; 4. The South Australian land rights debate of 1966; 5. The politics of enumerating the Stolen Generations; Part III - Critical reflections on political capacity; 6. The changing cultural constitution of the Indigenous sector; 7. The ambivalence of Helen Hughes; Part IV - Thinking historically about 1967-76 327 $a8. Noel Pearson's economic history 9. Peter Sutton and the historical roots of suffering; 10. The Coombs experiment; Part V - The appeal of quantification; 11. The Australian Reconciliation Barometer; Notes; References; Index 330 $aIn the early 1970's, Australian governments began to treat Aborigines and Torres Strait Islanders as ""peoples"" with capacities for self-government. Forty years later, confidence in Indigenous self-determination has been eroded by accounts of Indigenous pathology, misplaced policy optimism, and persistent socio-economic gaps. This record accounts for this shift by arguing that Australian thinking about the Indigenous is a continuing, unresolvable tussle between the ideas of ""peoples"" and ""population."" Offering snapshots of moments in the last 40 years in these tensions are palpable - from... 606 $aAboriginal Australians$xCultural assimilation 606 $aAboriginal Australians$xSocial conditions 606 $aSocial justice$zAustralia 606 $aReparations for historical injustices$zAustralia 607 $aAustralia$xGovernment policy 608 $aElectronic books. 615 0$aAboriginal Australians$xCultural assimilation. 615 0$aAboriginal Australians$xSocial conditions. 615 0$aSocial justice 615 0$aReparations for historical injustices 676 $a994.230049915 700 $aRowse$b Tim$f1951-$0790766 801 0$bMiAaPQ 801 1$bMiAaPQ 801 2$bMiAaPQ 906 $aBOOK 912 $a9910462276503321 996 $aRethinking social justice$92451628 997 $aUNINA LEADER 02759nam 2200625 a 450 001 9910437624403321 005 20200520144314.0 010 $a3-642-38212-6 024 7 $a10.1007/978-3-642-38212-3 035 $a(CKB)2670000000403454 035 $a(EBL)1317756 035 $a(OCoLC)854976179 035 $a(SSID)ssj0000958045 035 $a(PQKBManifestationID)11610230 035 $a(PQKBTitleCode)TC0000958045 035 $a(PQKBWorkID)10985785 035 $a(PQKB)11741027 035 $a(DE-He213)978-3-642-38212-3 035 $a(MiAaPQ)EBC1317756 035 $a(PPN)172426898 035 $a(EXLCZ)992670000000403454 100 $a20130717d2013 uy 0 101 0 $aeng 135 $aur|n|---||||| 181 $ctxt 182 $cc 183 $acr 200 10$aEvolutionary biology $eexobiology and evolutionary mechanisms /$fPierre Pontarotti, editor 205 $a1st ed. 2013. 210 $aHeidelberg $cSpringer$d2013 215 $a1 online resource (294 p.) 300 $aDescription based upon print version of record. 311 $a3-642-43511-4 311 $a3-642-38211-8 320 $aIncludes bibliographical references and index. 327 $apt. I. History of great discoveries -- pt. II. Evolutionary biology concepts -- pt. III. Exobiology and the origin of life -- pt. IV. Evolutionary mechanisms. 330 $aThis book presents 19 selected contributions to the 16th Evolutionary Biology Meeting, which took place in September 2012 in Marseilles. The aims of these annual meetings, which gather together leading evolutionary bioloigsts and other sienctists, are to promote the exchange of ideas and to encourage interdisciplinary collaborations. The first chapter deals with the history of a great discovery: The first experiments on ascidian and sea urchin egg fertilization. The remaining contributions are grouped under the following categories: · Evolutionary biology concepts · Exobiology and the origin of life · Evolutionary mechanisms Offering an up-to-date overview of recent findings in the field of evolutionary biology, this book is an invaluable source of information for scientists, teachers and advanced students. 606 $aEvolution (Biology) 606 $aExobiology 615 0$aEvolution (Biology) 615 0$aExobiology. 676 $a570 676 $a576.8 676 $a577 676 $a578.012 700 $aPontarotti$b Pierre$01760507 701 $aPontarotti$b Pierre$01760507 712 12$aEvolutionary Biology Meeting$d(16th :$f2012 :$eMarseille, France) 801 0$bMiAaPQ 801 1$bMiAaPQ 801 2$bMiAaPQ 906 $aBOOK 912 $a9910437624403321 996 $aEvolutionary biology$94199510 997 $aUNINA